000 00255nam a2200109Ia 4500
008 190914s9999||||xx |||||||||||||| ||und||
100 _aM.C.Shukla
245 0 _aAdvanced Accounts
260 _aNew Jersey
_bPrentice Hall
_c2002
300 _a368
942 _cBK
999 _c9421
_d9421